00733nam a22002291 450000100070000000500170000700800410002401000170006504000180008204100080010004300120010808000140012008200150013410000070014910100080015624501250016450400260028990600450031594200120036099900170037295201140038975538720180122092410.0740606s1967 nyuabc b 000 0 eng  a 67023025  aDLCcDLCdDLC aeng an-us--- a917.6 LAW00a917.6 LAW1 a42 aGJE14aThe South Central States: Arkansas, Louisiana, Oklahoma, Texas,cby Lawrence Goodwyn and the editors of Time-Life Books. aBibliography: p. 188. a7bcbccorignewdueocipf19gy-gencatlg 2ddccBK c40690d40690 00102ddc40708PËKGa002b002cPËKGd2018-01-22l0o917.6 LAWp002-2996054r2018-01-22w2018-01-22yBK